MARC
| LEADER | 00000cam a2200000 7i4500 | ||
|---|---|---|---|
| 001 | 0000003709 | ||
| 005 | 20110419.0 | ||
| 020 | 0 | 0 | |a 9836269096 |
| 090 | 0 | 0 | |a 583.87 |b NOR 2005 |
| 100 | 0 | 0 | |a NORAIN Mohd. Rejab |
| 245 | 1 | 0 | |a Melur |c Norain Mohd Rejab |
| 260 | 0 | 0 | |a Kuala Lumpur : |b DBP , |c 2005 |
| 300 | |a vii,105 p. : |b . ill. ; |c 24 cm. | ||
| 650 | 0 | 0 | |a Jasmine |
| 999 | |a 007265 |b Monograph |c Open Shelf |e Default branch | ||